มุมมองปกติ
มุมมองแบบ MARC
- สมบูรณาญาสิทธิราชย์
รายการ Topical Term
001 - CONTROL NUMBER
- control field: 35428
003 - CONTROL NUMBER IDENTIFIER
- control field: NALT
005 - DATE AND TIME OF LATEST TRANSACTION
- control field: 20181218104121.0
008 - FIXED-LENGTH DATA ELEMENTS
- fixed length control field: 181218|| aca||babn | a|a d
040 ## - CATALOGING SOURCE
- Original cataloging agency: NALT
150 ## - HEADING--TOPICAL TERM
- Topical term or geographic name entry element: สมบูรณาญาสิทธิราชย์
- Geographic subdivision: เดนมาร์ก
